Intereconomics review of international trade and development

Enregistré dans:
Détails bibliographiques
Format: Publication en série
Langue:anglais
Publié: Hamburg Weltarchiv 1983
Tags: Ajouter un tag
Pas de tags, Soyez le premier à ajouter un tag!

MARC

LEADER 00000nas2a2200000 4500
001 s121703
005 20250730114208.1
041 0 |a eng 
044 |a DE 
245 1 0 |a Intereconomics  |b review of international trade and development 
264 1 |a Hamburg  |b Weltarchiv  |c 1983 
300 |a 1 zv. 
773 0 |w eu_un_cat*s120783